| 000 | 01364 a2200229 4500 | ||
|---|---|---|---|
| 003 | Nust | ||
| 005 | 20230415102818.0 | ||
| 010 | _a 2010030853 | ||
| 020 | _a0763790605 (pbk.) | ||
| 020 | _a9780763790608 (pbk.) | ||
| 035 | _a(OCoLC)ocn617524632 | ||
| 040 | _cNust | ||
| 082 | 0 | 0 | _a005.133,REI |
| 100 | 1 |
_aDos Reis, Anthony J. _9111923 |
|
| 245 | 1 | 3 |
_aAn introduction to programming using Java / _cAnthony J. Dos Reis, Laura L. Dos Reis. |
| 260 |
_aSudbury, MA : _bJones & Bartlett Learning, _cc2012. |
||
| 300 |
_axiii, 448 p. : _bill. ; _c24 cm. |
||
| 505 | _aTwo Simple Java Programs (Pge-1), Constants, Variables and Operators (Pge-25), Primitive Types and Casts (Page-43), if,if-else, and while Statements (Page-61), Calling Methods (Page-85), Constructing Objects: Part-1 (Page-109), Constructing Objects: Part 2 (Page-143), Using Predefined Classes (Page-165), Arrays, ArrayLists, Sorting, and Searching (Page-201), Inheritance: Part 1 (Page-2390, Inheritance: Part 2 (Page-275), Exception Handling (Page-301), File Processing (Page-319), Recursive Methods (Page-335), Linked Data Structures (Page-353), Generic Programming: Part 1 (Page-371), Generic Programming: Part 2 (Page-389), Graphical User Interfaces and Applets (Page-409). | ||
| 650 | 0 |
_aJava (Computer program language) _98017 |
|
| 700 | 1 |
_aDos Reis, Laura L. _9111924 |
|
| 942 |
_2ddc _cBK |
||
| 999 |
_c189245 _d189245 |
||